| 000 | 00641nam a2200205Ia 4500 | ||
|---|---|---|---|
| 003 | IN-BaIIA | ||
| 008 | 211028s9999 xx 000 0 eng d | ||
| 040 | _cIIA Library | ||
| 080 |
_a523.31 _bHAB |
||
| 100 |
_aHaber, Heinz _96091 |
||
| 245 | 0 |
_aOur blue planet _bthe story of the earth's evolution _cHeinz Haber |
|
| 260 |
_aNew York _bCharles Scribner's Sons _c1969 |
||
| 300 | _a86p. | ||
| 650 | _aAstronomy and astrophysics thesaurus | ||
| 650 | _aEarth atmosphere | ||
| 650 |
_aEarth orbit _96092 |
||
| 650 |
_aEarth rotation _93950 |
||
| 650 |
_aEvolution - Earth _96093 |
||
| 942 | _cBK | ||
| 999 |
_c3446 _d3446 |
||